| 000 | 00804nam a22001697a 4500 | ||
|---|---|---|---|
| 008 | 100706t1991 xxu||||| |||| 00| 0 ara d | ||
| 082 |
_222 _a615.851 _bأ ب و |
||
| 100 | 1 |
_915941 _aأبو غدة، عبد الستار |
|
| 245 |
_aبحوث في الفقة الطبي : _bوالصحة النفسية من منظور إسلامي / _cعبد الستار أبو غدة. |
||
| 260 |
_aالقاهرة : _bدار الأقصي ، _c1991. |
||
| 300 |
_a286 ص : _c24 سم . |
||
| 541 |
_aألف باء ؛ _cشراء ؛ |
||
| 650 | 0 |
_98392 _aالعلاج النفسى |
|
| 650 | 0 |
_916838 _aالعلاج الدينى |
|
| 942 |
_2ddc _cBB |
||
| 999 |
_c14389 _d14389 |
||